000 00657nam a2200217Ia 4500
001 23412
003 GE_BSU
008 181216s||||||||xx |||||||||||||| ||und||
040 _cGE_BSU
245 _aВопросы Психологии №3 маи-июнь 2018.
245 _bНаучный журнал
245 _cГл. ред,Е,В,Щедрина
260 _aмосква
260 _c2018წელი
300 _a176ст;23 см;
653 _aВопросы Психологии №3 маи-июнь 2018.
653 _aНаучный журнал
653 _aПериодика
653 _aპერიოდიკა
942 _cCR
999 _c56299
_d56299